000 01020nam a22002055i 4500
001 161473
003 ES-MaACL
005 20250716063320.0
008 041019s1858 fr |||| | fre d
040 _aCAM
_bspa
_cCAM
100 1 _aPascal, Blaise,
_d1623-1662
_989307
245 1 0 _aPensées de Pascal
_b: édition variorum d'aprés le texte du manuscrit autographe contenant les lettres et opuscules, l'histoire des éditions des pensées. La vie de Pascal par sa soeur /
_cdes notes choisies et inédites et un index complet par Charles Louandre.
260 _aParis :
_bCharpentier, libraire-éditeur,
_c1858 (
_fImprimerie de P.-A. Bourdier et Cie)
300 _a613 p. ;
_c18 cm.
490 1 _aCollection des Classiques français des XVI, XVII et XVIII siècles
700 0 _aLouandre, Charles.
_974310
830 0 _aCollection des Classiques français des XVI, XVII et XVIII siècles
_9222117
852 _aES-MaACL
_jD-2685
_z-- Enc. hol.
_z-- Legado M. de La Fuente
999 _c161473
_d161473